00803nam a22001937a 4500003000900000008004100009020001800050040007100068082001800139100003100157245006800188260005100256300004400307440003400351505014900385650002300534650002100557650003100578AR-CdUCM190517b ||||| |||| 00| 0 spa d a9972-601-15-3 aMUNICIPALIDAD PROVINCIAL DEL CUSCOcBIBLIOTECA MUNICIPAL DEL CUSCO a985.03 /bE88 aEspinoza Soriano, Waldemar aVirreinato peruano :bvida cotidiana, instituciones y cultura / aLima :bBiblioteca nacional del Perú,c1997. a487 páginas ;bIlustraciones,c21 cm. aBiblioteca básica peruana ; aContenido: t.3. La conquista -- El virreinato -- Irradiación americana del Perú -- Encomienda y encomenderos -- Urbanismo hispano peruana... aVirreinato peruano aVida y costumbre aDescubrimiento y conquista